[Event "Brühler SK 1 - SG Porz 2"]
[Site "NRW-Liga - Gruppe 2 2021/2022"]
[Date "2021.10.31"]
[Round "1.2"]
[White "Schiffer, Stefan"]
[Black "Malykin, Vitaly"]
[Result "1/2-1/2"]
[WhiteElo "2211"]
[BlackElo "2266"]
[PlyCount "37"]
[EventDate "2021.??.??"]
[SourceVersionDate "2020.03.16"]
[WhiteTeam "Brühler SK 1"]
[BlackTeam "SG Porz 2"]

1. d4 g6 2. c4 Bg7 3. Nc3 d6 4. Nf3 Nf6 5. e4 O-O 6. Be2 e5 7. O-O c6 8. h3
exd4 9. Nxd4 Re8 10. Bf3 Nbd7 11. Re1 a5 12. Be3 a4 13. Qc2 Qa5 14. Rab1 Qb4
15. a3 Qa5 16. Bd2 Qa7 17. Be3 Qa5 18. Bd2 Qa7 19. Be3 1/2-1/2

[Event "Brühler SK 1 - SG Porz 2"]
[Site "NRW-Liga - Gruppe 2 2021/2022"]
[Date "2021.10.31"]
[Round "1.3"]
[White "Marcziter, Dmitrii"]
[Black "Schmitz, Philipp"]
[Result "1-0"]
[WhiteElo "2264"]
[BlackElo "2208"]
[PlyCount "95"]
[EventDate "2021.??.??"]
[SourceVersionDate "2020.03.16"]
[WhiteTeam "SG Porz 2"]
[BlackTeam "Brühler SK 1"]

1. Nf3 Nf6 2. c4 g6 3. Nc3 Bg7 4. g3 O-O 5. d4 d6 6. Bg2 Nc6 7. O-O a6 8. h3
Rb8 9. e4 e5 10. dxe5 Nxe5 11. Nxe5 dxe5 12. Qxd8 Rxd8 13. Bg5 Be6 14. Nd5 Bxd5
15. cxd5 h6 16. Be3 Ne8 17. Rac1 Bf8 18. h4 Kg7 19. Rc2 Bd6 20. Bh3 Nf6 21. f3
Rf8 22. Bc5 Nh5 23. Kg2 f5 24. Bxd6 cxd6 25. Rc7+ Kh8 26. Rfc1 Nf6 27. exf5
Nxd5 28. fxg6 Nxc7 29. Rxc7 Rf6 30. h5 d5 31. Re7 e4 32. fxe4 dxe4 33. Be6 Rxe6
34. Rxe6 Rc8 35. Rxe4 Rc2+ 36. Kh3 Rxb2 37. a4 b5 38. axb5 Rxb5 39. Kh4 Rb7 40.
Re8+ Kg7 41. Ra8 Rb6 42. Ra7+ Kg8 43. g4 Rc6 44. g5 Rc4+ 45. Kg3 hxg5 46. h6
Rc3+ 47. Kg4 Rc4+ 48. Kh5 1-0

[Event "Brühler SK 1 - SG Porz 2"]
[Site "NRW-Liga - Gruppe 2 2021/2022"]
[Date "2021.10.31"]
[Round "1.4"]
[White "Keller, Thomas"]
[Black "Pauly, Carlo"]
[Result "0-1"]
[WhiteElo "2209"]
[BlackElo "2285"]
[PlyCount "56"]
[EventDate "2021.??.??"]
[SourceVersionDate "2020.03.16"]
[WhiteTeam "Brühler SK 1"]
[BlackTeam "SG Porz 2"]

1. e4 c5 2. Nf3 d6 3. Bb5+ Nd7 4. O-O a6 5. Bxd7+ Bxd7 6. d4 e6 7. Nc3 Ne7 8.
dxc5 dxc5 9. Ne5 Ng6 10. Nxd7 Qxd7 11. Qh5 Bd6 12. f4 O-O-O 13. Be3 Qc6 14.
Rad1 Rd7 15. g3 b5 16. e5 Bc7 17. Rxd7 Kxd7 18. Qf3 Qxf3 19. Rxf3 Kc6 20. Ne4
c4 21. Ng5 h6 22. Nxf7 Rf8 23. Nd6 Nxe5 24. Rf1 Ng4 25. Nxc4 bxc4 26. Bd4 e5
27. h3 exd4 28. hxg4 Re8 0-1

[Event "Brühler SK 1 - SG Porz 2"]
[Site "NRW-Liga - Gruppe 2 2021/2022"]
[Date "2021.10.31"]
[Round "1.5"]
[White "Sabirov, Ramil"]
[Black "Spilles, Matthias"]
[Result "1/2-1/2"]
[WhiteElo "2148"]
[BlackElo "2114"]
[PlyCount "113"]
[EventDate "2021.??.??"]
[SourceVersionDate "2020.03.16"]
[WhiteTeam "SG Porz 2"]
[BlackTeam "Brühler SK 1"]

1. Nf3 Nf6 2. c4 c5 3. g3 g6 4. Bg2 Bg7 5. Nc3 O-O 6. d4 cxd4 7. Nxd4 Nc6 8.
O-O Ng4 9. e3 Nge5 10. c5 b6 11. f4 bxc5 12. Nb3 c4 13. Nd2 Nd3 14. Nxc4 Nxc1
15. Rxc1 Rb8 16. b3 Ba6 17. Bxc6 dxc6 18. Qxd8 Rfxd8 19. Ne4 Rd5 20. Rf2 Rbd8
21. Rcc2 h6 22. Rfe2 f5 23. Ned2 e5 24. Re1 exf4 25. gxf4 Rd3 26. Nf3 Bc3 27.
Rec1 Bxc4 28. bxc4 Bf6 29. Kf2 Re8 30. Re2 Kf7 31. Rcc2 g5 32. fxg5 hxg5 33.
Rcd2 Rc3 34. Rc2 Rexe3 35. Rxc3 Rxc3 36. Ne5+ Kg7 37. Nxc6 Rxc4 38. Nxa7 Bd4+
39. Kg2 Kf6 40. Nb5 Be5 41. Na3 Ra4 42. Nc2 Rxa2 43. Nd4 Ra4 44. Nf3 Bf4 45. h3
Ra3 46. Rc2 Ke6 47. Rb2 Kd5 48. Re2 Rd3 49. Ra2 Ke4 50. Re2+ Re3 51. Rxe3+ Kxe3
52. Ng1 Be5 53. Nf3 Kf4 54. Nh2 Bd4 55. Nf3 Be3 56. Nh2 Bg1 57. Nf3 1/2-1/2

[Event "Brühler SK 1 - SG Porz 2"]
[Site "NRW-Liga - Gruppe 2 2021/2022"]
[Date "2021.10.31"]
[Round "1.6"]
[White "Engel, Johann"]
[Black "Mohammadi Nia, Borna"]
[Result "0-1"]
[WhiteElo "2136"]
[BlackElo "2141"]
[Annotator "daniel"]
[PlyCount "92"]
[EventDate "2021.??.??"]
[SourceVersionDate "2020.03.16"]
[WhiteTeam "Brühler SK 1"]
[BlackTeam "SG Porz 2"]

1. d4 Nf6 2. c4 g6 3. Nc3 d5 4. cxd5 Nxd5 5. e4 Nxc3 6. bxc3 Bg7 7. Be3 c5 8.
Bc4 Nc6 9. Ne2 O-O 10. O-O Na5 11. Bd3 b6 12. Rc1 Qc7 13. d5 c4 14. Bb1 Rd8 15.
Qa4 e6 16. Rcd1 Bb7 17. Bg5 f6 18. Bf4 e5 19. Bg3 Bc8 20. f4 Bg4 21. Rde1 Bh6
22. fxe5 fxe5 23. h3 Bxe2 24. Rxe2 Rf8 25. Rf3 Rxf3 26. gxf3 Rf8 27. Kg2 Qe7
28. Qd1 Qf6 29. Rb2 Nb7 30. a4 Nd6 31. Ba2 Bf4 32. Bxf4 Qxf4 33. Qe2 Rc8 34.
Qd2 Qf6 35. Qe3 Qe7 36. Rb4 Kg7 37. Rb1 $11 Rf8 38. Rg1 Rf4 39. Kh2 Qd7 40. Rg5
Rh4 41. Rg3 Qxa4 42. Qg5 Rh5 43. Qe7+ Nf7 44. Rg2 Qd1 45. Bxc4 Qxf3 46. Qe6
Qf4+ 0-1

[Event "Brühler SK 1 - SG Porz 2"]
[Site "NRW-Liga - Gruppe 2 2021/2022"]
[Date "2021.10.31"]
[Round "1.7"]
[White "Gallasch, Jonas"]
[Black "Haskelman, Evgen"]
[Result "1/2-1/2"]
[WhiteElo "2091"]
[BlackElo "2100"]
[PlyCount "100"]
[EventDate "2021.??.??"]
[SourceVersionDate "2020.03.16"]
[WhiteTeam "SG Porz 2"]
[BlackTeam "Brühler SK 1"]

1. d4 f5 2. c4 Nf6 3. Nc3 e6 4. a3 Be7 5. Bf4 O-O 6. e3 d6 7. h3 Nbd7 8. Nf3
Qe8 9. Qc2 b6 10. Bd3 Bb7 11. Bh2 Qg6 12. Rg1 Ne4 13. O-O-O Nxc3 14. Qxc3 Nf6
15. Qc2 Ne4 16. Rdf1 c5 17. g4 Qh6 18. gxf5 exf5 19. Bf4 Qh5 20. d5 Rae8 21.
Bxe4 fxe4 22. Ng5 Bc8 23. Nxe4 Bxh3 24. Re1 Bf5 25. Qc3 Bg6 26. Ng5 Bf6 27. Qd2
Bxg5 28. Rxg5 Qf3 29. Reg1 Rxf4 30. exf4 Re2 31. Qc3 Rc2+ 32. Qxc2 Bxc2 33.
Rxg7+ Kf8 34. Kxc2 Qe4+ 35. Kb3 Qd3+ 36. Ka2 Qxc4+ 37. Ka1 Qxd5 38. Rxh7 c4 39.
Re1 c3 40. bxc3 Qb3 41. Rc7 Qxa3+ 42. Kb1 d5 43. Rh1 Kg8 44. Rhh7 d4 45. Rcg7+
Kf8 46. Rf7+ Kg8 47. Rhg7+ Kh8 48. Rh7+ Kg8 49. Rhg7+ Kh8 50. Rh7+ Kg8 1/2-1/2

[Event "Brühler SK 1 - SG Porz 2"]
[Site "NRW-Liga - Gruppe 2 2021/2022"]
[Date "2021.10.31"]
[Round "1.8"]
[White "Dilger, Jan"]
[Black "Thiemonds, Uli"]
[Result "1-0"]
[WhiteElo "1849"]
[BlackElo "1993"]
[PlyCount "97"]
[EventDate "2021.??.??"]
[SourceVersionDate "2020.03.16"]
[WhiteTeam "Brühler SK 1"]
[BlackTeam "SG Porz 2"]

1. e4 e6 2. d4 d5 3. Nc3 Bb4 4. exd5 exd5 5. Bd3 Ne7 6. Bf4 c6 7. Qf3 Ng6 8.
Bg3 Nd7 9. h4 Qf6 10. O-O-O Qxf3 11. Nxf3 h6 12. Bxg6 fxg6 13. Ne2 O-O 14. c3
Ba5 15. Nf4 Kh7 16. Rde1 Nf6 17. Ne5 Bf5 18. f3 Nh5 19. Nxh5 gxh5 20. Re3 Rae8
21. Rhe1 Bd8 22. Kd2 g6 23. Nd3 Rxe3 24. Rxe3 Bxd3 25. Kxd3 Kg7 26. Bd6 Rf7 27.
g3 Bc7 28. Bxc7 Rxc7 29. f4 Kf7 30. c4 dxc4+ 31. Kxc4 Rd7 32. Re5 b6 33. b4 Re7
34. Rxe7+ Kxe7 35. d5 Kd6 36. dxc6 Kxc6 37. b5+ Kd6 38. Kd4 Ke6 39. Ke4 Kd6 40.
f5 g5 41. a3 Kd7 42. Ke5 Ke7 43. f6+ Kf7 44. Kf5 gxh4 45. gxh4 Kf8 46. Kg6 Ke8
47. Kxh6 Kf7 48. Kg5 Kf8 49. Kxh5 1-0

[Event "Bielefelder SK 1 - SF Essen-Katernberg "]
[Site "NRW-Liga - Gruppe 2 2021/2022"]
[Date "2021.10.31"]
[Round "1.1"]
[White "Gassmann, Volker"]
[Black "Gruen, Gerd-Peter"]
[Result "1/2-1/2"]
[WhiteElo "2191"]
[BlackElo "2202"]
[PlyCount "80"]
[EventDate "2021.??.??"]
[SourceVersionDate "2020.03.16"]
[WhiteTeam "SF Essen-Katernberg  2"]
[BlackTeam "Bielefelder SK 1"]

1. d4 Nf6 2. c4 e6 3. Nf3 Bb4+ 4. Bd2 c5 5. Bxb4 cxb4 6. a3 bxa3 7. Rxa3 O-O 8.
Nc3 d6 9. e4 Nc6 10. Be2 e5 11. d5 Nb4 12. c5 Bg4 13. cxd6 Bxf3 14. Bxf3 Ne8
15. d7 Qxd7 16. Bg4 Qc7 17. O-O Nd6 18. Qe2 Qc4 19. Rc1 g6 20. h3 a5 21. Qe3
Qd4 22. Qxd4 exd4 23. Ne2 d3 24. Nf4 Nxe4 25. Nxd3 f5 26. Bd1 Rac8 27. Rxc8
Rxc8 28. Kf1 Nxd3 29. Rxd3 Nd6 30. Re3 Kf7 31. Re6 Rd8 32. Be2 b5 33. Ke1 a4
34. g4 fxg4 35. hxg4 b4 36. Kd1 Ne8 37. Bc4 Nd6 38. Be2 Ne8 39. Bc4 Nd6 40. Be2
Ne8 1/2-1/2

[Event "Bielefelder SK 1 - SF Essen-Katernberg "]
[Site "NRW-Liga - Gruppe 2 2021/2022"]
[Date "2021.10.31"]
[Round "1.2"]
[White "Beilfuß, Wilfried"]
[Black "Villwock, Martin"]
[Result "1/2-1/2"]
[WhiteElo "2137"]
[BlackElo "2109"]
[PlyCount "75"]
[EventDate "2021.??.??"]
[SourceVersionDate "2020.03.16"]
[WhiteTeam "Bielefelder SK 1"]
[BlackTeam "SF Essen-Katernberg  2"]

1. c4 g6 2. e4 Bg7 3. d4 d6 4. Nc3 Nf6 5. f3 O-O 6. Be3 c6 7. Qd2 a6 8. a4 a5
9. Bd3 Na6 10. Rd1 e5 11. Nge2 Qe7 12. O-O Nb4 13. Bb1 Be6 14. b3 Ne8 15. Nc1
d5 16. cxd5 cxd5 17. exd5 Bxd5 18. dxe5 Qxe5 19. Nxd5 Nxd5 20. Bd4 Qxd4+ 21.
Qxd4 Bxd4+ 22. Rxd4 Nef6 23. Ne2 Rfe8 24. Bd3 Rac8 25. Kf2 Nb4 26. Bb5 Re5 27.
Rfd1 Rc2 28. R1d2 Nfd5 29. Rxc2 Nxc2 30. Rd2 Ncb4 31. Nd4 Kg7 32. Nc2 Nxc2 33.
Rxc2 Kf6 34. Rc8 Nb6 35. Rc7 Re7 36. Rxe7 Kxe7 37. Ke3 h6 38. Kd4 1/2-1/2

[Event "Bielefelder SK 1 - SF Essen-Katernberg "]
[Site "NRW-Liga - Gruppe 2 2021/2022"]
[Date "2021.10.31"]
[Round "1.3"]
[White "Melde, Benjamin"]
[Black "Simon, Hans-Christian"]
[Result "1/2-1/2"]
[WhiteElo "2098"]
[BlackElo "2134"]
[PlyCount "91"]
[EventDate "2021.??.??"]
[SourceVersionDate "2020.03.16"]
[WhiteTeam "SF Essen-Katernberg  2"]
[BlackTeam "Bielefelder SK 1"]

1. c4 e5 2. g3 c6 3. Nf3 e4 4. Nd4 d5 5. cxd5 Qxd5 6. e3 Bc5 7. Nc3 Qe5 8. f4
Qe7 9. Nb3 Bb6 10. Bg2 Nf6 11. O-O Bf5 12. h3 h5 13. Kh2 Na6 14. d4 Nb4 15. Bd2
Nbd5 16. Na4 Bc7 17. Qe2 Rd8 18. Rac1 O-O 19. Nbc5 Bc8 20. b4 Rfe8 21. a3 h4
22. gxh4 Nh7 23. Be1 Nhf6 24. Nc3 Nxc3 25. Rxc3 Nd5 26. Rc1 f5 27. Bg3 Bd6 28.
Rg1 Rf8 29. Bf1 Rf6 30. Qd2 a6 31. Bc4 Kh8 32. Bxd5 cxd5 33. h5 Rh6 34. Qe2 Qf7
35. Bh4 Re8 36. Rg6 Rxg6 37. hxg6 Qxg6 38. Rg1 Qh6 39. Bg5 Qh7 40. b5 axb5 41.
Qxb5 Qh5 42. Rg2 Qf7 43. a4 Rf8 44. Qb6 Bc7 45. Qb5 Bd6 46. a5 1/2-1/2

[Event "Bielefelder SK 1 - SF Essen-Katernberg "]
[Site "NRW-Liga - Gruppe 2 2021/2022"]
[Date "2021.10.31"]
[Round "1.4"]
[White "Goeßling, Guido"]
[Black "Dahm, Bernd"]
[Result "1-0"]
[WhiteElo "2121"]
[BlackElo "2133"]
[PlyCount "69"]
[EventDate "2021.??.??"]
[SourceVersionDate "2020.03.16"]
[WhiteTeam "Bielefelder SK 1"]
[BlackTeam "SF Essen-Katernberg  2"]

1. e4 c5 2. Nf3 e6 3. d4 cxd4 4. Nxd4 Nc6 5. Nb5 d6 6. c4 Nf6 7. N1c3 a6 8. Na3
Qa5 9. Bd3 d5 10. Bd2 dxe4 11. Nxe4 Qe5 12. Bc3 Bb4 13. O-O Bxc3 14. Nxc3 O-O
15. Re1 Qd4 16. Qe2 Rd8 17. Rad1 Qh4 18. Ne4 Nxe4 19. Qxe4 Qxe4 20. Bxe4 Bd7
21. c5 f5 22. Bf3 Be8 23. Nc4 Bf7 24. Bxc6 bxc6 25. b4 e5 26. Nxe5 Bd5 27. Rd2
Rdb8 28. a3 a5 29. Nd7 Re8 30. Rxe8+ Rxe8 31. f3 Re3 32. Rxd5 cxd5 33. c6 axb4
34. axb4 Rb3 35. c7 1-0

[Event "Bielefelder SK 1 - SF Essen-Katernberg "]
[Site "NRW-Liga - Gruppe 2 2021/2022"]
[Date "2021.10.31"]
[Round "1.5"]
[White "Irkilmez, Yakub"]
[Black "Forchert, Niko"]
[Result "1-0"]
[WhiteElo "2048"]
[BlackElo "2069"]
[PlyCount "39"]
[EventDate "2021.??.??"]
[SourceVersionDate "2020.03.16"]
[WhiteTeam "SF Essen-Katernberg  2"]
[BlackTeam "Bielefelder SK 1"]

1. d4 d5 2. c4 c6 3. Nf3 Nf6 4. Nc3 dxc4 5. a4 Bg4 6. Ne5 Bh5 7. Nxc4 Nbd7 8.
f3 Nb6 9. e4 Nxc4 10. Bxc4 e6 11. O-O Bb4 12. Ne2 h6 13. Be3 g5 14. Ng3 Bg6 15.
Qb3 Qe7 16. e5 Nd5 17. Bxd5 cxd5 18. f4 gxf4 19. Bxf4 O-O-O 20. a5 1-0

[Event "Bielefelder SK 1 - SF Essen-Katernberg "]
[Site "NRW-Liga - Gruppe 2 2021/2022"]
[Date "2021.10.31"]
[Round "1.6"]
[White "Doering, Carsten"]
[Black "Dette, Jan"]
[Result "0-1"]
[WhiteElo "1979"]
[BlackElo "2120"]
[PlyCount "62"]
[EventDate "2021.??.??"]
[SourceVersionDate "2020.03.16"]
[WhiteTeam "Bielefelder SK 1"]
[BlackTeam "SF Essen-Katernberg  2"]

1. d4 Nf6 2. c4 e6 3. Nc3 Bb4 4. Bg5 c5 5. d5 d6 6. e3 h6 7. Bh4 Bxc3+ 8. bxc3
e5 9. f3 g5 10. Bg3 Kd7 11. Bd3 Kc7 12. Qc2 Qe7 13. Ne2 Nbd7 14. Bf5 Nb6 15.
Bxc8 Rhxc8 16. Qb3 Nh5 17. O-O a5 18. a4 f5 19. Ra2 f4 20. Bf2 Rg8 21. g4 Ng7
22. Rb1 Ra6 23. Rab2 h5 24. h3 hxg4 25. hxg4 Rh8 26. Qc2 Qf6 27. exf4 gxf4 28.
Kf1 Qh6 29. Ng1 Ne8 30. Qd3 Qg5 31. Rb5 Nf6 {ZÜ} 0-1

[Event "Bielefelder SK 1 - SF Essen-Katernberg "]
[Site "NRW-Liga - Gruppe 2 2021/2022"]
[Date "2021.10.31"]
[Round "1.7"]
[White "Gorainow, Nikita"]
[Black "Koehler, Justus"]
[Result "1/2-1/2"]
[WhiteElo "2029"]
[BlackElo "1930"]
[PlyCount "75"]
[EventDate "2021.??.??"]
[SourceVersionDate "2020.03.16"]
[WhiteTeam "SF Essen-Katernberg  2"]
[BlackTeam "Bielefelder SK 1"]

1. e4 c5 2. Nf3 e6 3. d4 cxd4 4. Nxd4 a6 5. Bd3 Nc6 6. Be3 Nf6 7. O-O Qc7 8.
Nc3 Be7 9. Kh1 O-O 10. f4 d6 11. Qe2 Bd7 12. a4 Rac8 13. Bg1 Nxd4 14. Bxd4 e5
15. Be3 Rfe8 16. a5 exf4 17. Rxf4 d5 18. Nxd5 Nxd5 19. exd5 Bg5 20. Re4 Bf5 21.
Rxe8+ Rxe8 22. Bxf5 Rxe3 23. Qf2 Qe5 24. Rd1 Be7 25. g3 Bd6 26. Rd2 g6 27. Bh3
Qe4+ 28. Kg1 Bc5 29. Bf1 Rxg3+ 30. hxg3 Bxf2+ 31. Kxf2 Qf5+ 32. Kg2 Qe4+ 33.
Kf2 Qf5+ 34. Kg2 Qg5 35. Rd1 Qg4 36. Rd2 Qg5 37. Rd1 Qg4 38. Rd2 1/2-1/2

[Event "Bielefelder SK 1 - SF Essen-Katernberg "]
[Site "NRW-Liga - Gruppe 2 2021/2022"]
[Date "2021.10.31"]
[Round "1.8"]
[White "Nagel, Jens"]
[Black "Kaeding, Rainer"]
[Result "1-0"]
[WhiteElo "1977"]
[BlackElo "2061"]
[PlyCount "55"]
[EventDate "2021.??.??"]
[SourceVersionDate "2020.03.16"]
[WhiteTeam "Bielefelder SK 1"]
[BlackTeam "SF Essen-Katernberg  2"]

1. d4 d5 2. c4 e6 3. g3 c6 4. b3 dxc4 5. bxc4 Bb4+ 6. Bd2 Qxd4 7. Bxb4 Qxa1 8.
Bc3 Qxa2 9. Bxg7 f6 10. Bxh8 Nd7 11. e3 Qa5+ 12. Nd2 Kf7 13. Qb1 Nf8 14. Be2
Ne7 15. Qb2 e5 16. Ngf3 Nfg6 17. Bxf6 Kxf6 18. O-O Qc7 19. Ne4+ Kg7 20. Rd1 c5
21. h4 Nc6 22. Nxc5 Qe7 23. Ne4 Bg4 24. Nd6 Rf8 25. Ng5 Bxe2 26. Qxe2 Kh8 27.
Qg4 Rf6 28. Nde4 1-0

[Event "Godesberger SK 1 - Brühler SK 1"]
[Site "NRW-Liga - Gruppe 2 2021/2022"]
[Date "2021.11.28"]
[Round "2.1"]
[White "Loifenfeld, Jakov"]
[Black "Nasuta, Grzegorz"]
[Result "0-1"]
[WhiteElo "2319"]
[BlackElo "2465"]
[PlyCount "64"]
[EventDate "2021.??.??"]
[SourceVersionDate "2020.03.16"]
[WhiteTeam "Brühler SK 1"]
[BlackTeam "Godesberger SK 1"]

1. d4 Nf6 2. c4 g6 3. Nc3 Bg7 4. e3 O-O 5. Nf3 c5 6. Be2 cxd4 7. exd4 d5 8. O-O
Nc6 9. Ne5 dxc4 10. Nxc6 bxc6 11. Bxc4 Qd6 12. h3 Nd5 13. Nxd5 cxd5 14. Bb3 e6
15. Be3 Ba6 16. Re1 Qb4 17. a3 Qb6 18. Rb1 Rfc8 19. Ba4 Rc4 20. b3 Rc3 21. Rb2
Rac8 22. Rd2 h5 23. h4 Bb5 24. g4 Bxa4 25. bxa4 Qb3 26. gxh5 Qxd1 27. Rexd1
gxh5 28. Rd3 Rxd3 29. Rxd3 Rc4 30. a5 Ra4 31. Rb3 Rxa5 32. Kf1 Ra4 0-1

[Event "Godesberger SK 1 - Brühler SK 1"]
[Site "NRW-Liga - Gruppe 2 2021/2022"]
[Date "2021.11.28"]
[Round "2.2"]
[White "Kosakowski, Jakub"]
[Black "Schiffer, Stefan"]
[Result "1-0"]
[WhiteElo "2446"]
[BlackElo "2211"]
[PlyCount "55"]
[EventDate "2021.??.??"]
[SourceVersionDate "2020.03.16"]
[WhiteTeam "Godesberger SK 1"]
[BlackTeam "Brühler SK 1"]

1. e4 e6 2. d4 d5 3. Nc3 Nf6 4. e5 Nfd7 5. f4 c5 6. Nf3 Nc6 7. Be3 cxd4 8. Nxd4
Qb6 9. Qd2 Qxb2 10. Rb1 Qa3 11. Bb5 Nxd4 12. Bxd4 a6 13. Bxd7+ Bxd7 14. Rb3 Qe7
15. Rxb7 Qd8 16. O-O Rb8 17. Rxb8 Qxb8 18. f5 Qc8 19. Kh1 Bb4 20. Rb1 Bxc3 21.
Bxc3 exf5 22. e6 fxe6 23. Bxg7 Rg8 24. Qh6 Qxc2 25. Rb8+ Ke7 26. Qh4+ Kd6 27.
Qb4+ Kc6 28. Qb6# 1-0

[Event "Godesberger SK 1 - Brühler SK 1"]
[Site "NRW-Liga - Gruppe 2 2021/2022"]
[Date "2021.11.28"]
[Round "2.3"]
[White "Schmitz, Philipp"]
[Black "Seger, Ruediger"]
[Result "0-1"]
[WhiteElo "2208"]
[BlackElo "2264"]
[PlyCount "82"]
[EventDate "2021.??.??"]
[SourceVersionDate "2020.03.16"]
[WhiteTeam "Brühler SK 1"]
[BlackTeam "Godesberger SK 1"]

1. e4 c6 2. d4 d5 3. f3 dxe4 4. fxe4 e5 5. Nf3 Bg4 6. c3 Nd7 7. Bd3 Ngf6 8. Bg5
Bd6 9. Nbd2 b5 10. a4 a6 11. axb5 axb5 12. Rxa8 Qxa8 13. O-O h6 14. Be3 Bh5 15.
h3 O-O 16. g4 Bg6 17. Nh4 Nd5 18. exd5 Bxd3 19. Nf5 Bxf5 20. dxc6 Bd3 21. cxd7
Bxf1 22. Qxf1 exd4 23. Bxd4 Qd5 24. Qe2 Bc5 25. Nf3 Bxd4+ 26. Nxd4 Qxd7 27.
Qxb5 Qc7 28. Qd3 Re8 29. b4 g6 30. b5 Qc5 31. Kg2 h5 32. c4 hxg4 33. hxg4 Rd8
34. Ne6 Rxd3 35. Nxc5 Rd4 36. b6 Rxg4+ 37. Kf3 Rxc4 38. b7 Rb4 39. Ke3 Kg7 40.
Kd3 g5 41. Kc3 Rb6 0-1

[Event "Godesberger SK 1 - Brühler SK 1"]
[Site "NRW-Liga - Gruppe 2 2021/2022"]
[Date "2021.11.28"]
[Round "2.4"]
[White "Grabowski, Pawel"]
[Black "Gramb, Marius"]
[Result "1/2-1/2"]
[WhiteElo "2291"]
[BlackElo "2092"]
[PlyCount "120"]
[EventDate "2021.??.??"]
[SourceVersionDate "2020.03.16"]
[WhiteTeam "Godesberger SK 1"]
[BlackTeam "Brühler SK 1"]

1. d4 Nf6 2. c4 e6 3. Nf3 d5 4. Nc3 Bb4 5. Qb3 c5 6. dxc5 Nc6 7. a3 Bxc5 8.
cxd5 Nxd5 9. Nxd5 Qxd5 10. Qxd5 exd5 11. b4 Bb6 12. Bb2 O-O 13. Rd1 Be6 14. e3
Rfd8 15. Nd4 Nxd4 16. Bxd4 Rdc8 17. Bb2 a5 18. b5 a4 19. Bd3 d4 20. e4 Ba5+ 21.
Ke2 Bc3 22. Bxc3 Rxc3 23. Ra1 Rac8 24. Kd2 Kf8 25. Rhc1 Ke7 26. e5 Bc4 27. Bf5
Rc5 28. Rxc3 dxc3+ 29. Kxc3 Bxb5+ 30. Kd4 Rc4+ 31. Ke3 Bc6 32. Bd3 Rc3 33. Kd4
Rb3 34. Bc2 Rb2 35. Kc3 Rb6 36. g3 Bd7 37. Kd2 h6 38. Rb1 Rxb1 39. Bxb1 f6 40.
exf6+ Kxf6 41. Kc3 Ke5 42. f4+ Kd5 43. Kb4 Kd4 44. Bc2 b5 45. f5 Be8 46. g4 Ke3
47. h4 Kf4 48. Bd1 h5 49. gxh5 Kxf5 50. Be2 Kf4 51. h6 gxh6 52. Bxb5 Bh5 53.
Bxa4 Kg3 54. Bc6 Kxh4 55. a4 Kg3 56. Kc5 Be2 57. Bb5 Bf3 58. Bd7 h5 59. a5 h4
60. a6 h3 1/2-1/2

[Event "Godesberger SK 1 - Brühler SK 1"]
[Site "NRW-Liga - Gruppe 2 2021/2022"]
[Date "2021.11.28"]
[Round "2.5"]
[White "Keller, Thomas"]
[Black "Koehler, Christian Friedrich"]
[Result "1/2-1/2"]
[WhiteElo "2209"]
[BlackElo "2225"]
[PlyCount "45"]
[EventDate "2021.??.??"]
[SourceVersionDate "2020.03.16"]
[WhiteTeam "Brühler SK 1"]
[BlackTeam "Godesberger SK 1"]

1. e4 c6 2. d4 d5 3. exd5 cxd5 4. c4 Nf6 5. Nc3 Nc6 6. Nf3 g6 7. Bg5 Be6 8.
Bxf6 exf6 9. Be2 Bb4 10. cxd5 Bxd5 11. O-O O-O 12. a3 Bxc3 13. bxc3 Rc8 14. Nd2
Na5 15. Rc1 Nc4 16. Re1 Nxd2 17. Qxd2 Qa5 18. Qb2 Rfe8 19. Red1 Bc4 20. Bf3 Bd5
21. Be2 Bc4 22. Bf3 Bd5 23. Be2 1/2-1/2

[Event "Godesberger SK 1 - Brühler SK 1"]
[Site "NRW-Liga - Gruppe 2 2021/2022"]
[Date "2021.11.28"]
[Round "2.6"]
[White "Brandt, Sebastian"]
[Black "Schaefer, Juergen"]
[Result "1-0"]
[WhiteElo "2131"]
[BlackElo "2103"]
[PlyCount "49"]
[EventDate "2021.??.??"]
[SourceVersionDate "2020.03.16"]
[WhiteTeam "Godesberger SK 1"]
[BlackTeam "Brühler SK 1"]

1. e4 d6 2. d4 g6 3. Nc3 Bg7 4. Be3 c6 5. Qd2 Nd7 6. Nf3 b5 7. a4 b4 8. Ne2 Rb8
9. Ng3 h5 10. Bc4 d5 11. Bd3 h4 12. Ne2 Ngf6 13. e5 Ne4 14. Bxe4 dxe4 15. Ng5
Nb6 16. Qxb4 O-O 17. a5 Nd7 18. Qc4 e6 19. b4 Bb7 20. Nc3 Qc8 21. a6 Ba8 22.
Ncxe4 Nb6 23. Qe2 c5 24. bxc5 Nd5 25. Qg4 1-0

[Event "Godesberger SK 1 - Brühler SK 1"]
[Site "NRW-Liga - Gruppe 2 2021/2022"]
[Date "2021.11.28"]
[Round "2.7"]
[White "Spilles, Matthias"]
[Black "Kutzner, Stephen"]
[Result "0-1"]
[WhiteElo "2085"]
[BlackElo "2145"]
[PlyCount "68"]
[EventDate "2021.??.??"]
[SourceVersionDate "2020.03.16"]
[WhiteTeam "Brühler SK 1"]
[BlackTeam "Godesberger SK 1"]

1. e4 e5 2. Nf3 Nc6 3. Bb5 a6 4. Ba4 Nf6 5. O-O Be7 6. Re1 b5 7. Bb3 O-O 8. h3
Bb7 9. d3 d5 10. exd5 Nxd5 11. Nxe5 Nxe5 12. Rxe5 Qd6 13. Re1 Rae8 14. Nd2 c5
15. a4 Qc6 16. Qf3 Bg5 17. Rxe8 Rxe8 18. Ne4 Bxc1 19. Rxc1 c4 20. axb5 Qh6 21.
Re1 cxb3 22. c4 Nc7 23. Nf6+ gxf6 24. Rxe8+ Nxe8 25. Qxb7 Qc1+ 26. Kh2 Qxb2 27.
bxa6 Qe5+ 28. g3 b2 29. a7 Nc7 30. Qc8+ Kg7 31. Qg4+ Qg5 32. Qd1 h5 33. f4 Qa5
34. c5 Qa2 0-1

[Event "Godesberger SK 1 - Brühler SK 1"]
[Site "NRW-Liga - Gruppe 2 2021/2022"]
[Date "2021.11.28"]
[Round "2.8"]
[White "Schulte-Geers, Niklas"]
[Black "Hank, Holger"]
[Result "1-0"]
[WhiteElo "2142"]
[BlackElo "2005"]
[PlyCount "43"]
[EventDate "2021.??.??"]
[SourceVersionDate "2020.03.16"]
[WhiteTeam "Godesberger SK 1"]
[BlackTeam "Brühler SK 1"]

1. d4 e6 2. c4 f5 3. Nf3 Nf6 4. g3 d5 5. Bg2 Bd6 6. Bg5 h6 7. Bf4 O-O 8. Nc3
Bxf4 9. gxf4 Ne4 10. Qb3 c6 11. Ne5 Kh7 12. Rg1 Nd7 13. Nxe4 dxe4 14. O-O-O Rf6
15. f3 e3 16. Qxe3 Qc7 17. Bh3 c5 18. d5 exd5 19. Rxd5 b6 20. Nxd7 Bxd7 21. Qe7
Qxf4+ 22. Kb1 1-0

[Event "LSV Turm Lippstadt 1 - Bielefelder SK 1"]
[Site "NRW-Liga - Gruppe 2 2021/2022"]
[Date "2021.11.28"]
[Round "2.1"]
[White "Forchert, Martin"]
[Black "Wehmeier, Stefan"]
[Result "1/2-1/2"]
[WhiteElo "2269"]
[BlackElo "2339"]
[PlyCount "35"]
[EventDate "2021.??.??"]
[SourceVersionDate "2020.03.16"]
[WhiteTeam "Bielefelder SK 1"]
[BlackTeam "LSV Turm Lippstadt 1"]

1. e4 e5 2. Nf3 Nc6 3. Nc3 Nf6 4. Bb5 Bb4 5. O-O O-O 6. Bxc6 dxc6 7. d3 Qe7 8.
Ne2 Nh5 9. Ng3 Nxg3 10. fxg3 f5 11. Qe2 fxe4 12. dxe4 Be6 13. Be3 Bc5 14. b3
Rad8 15. Kh1 Bxe3 16. Qxe3 Bg4 17. Rad1 b6 18. h3 1/2-1/2

[Event "LSV Turm Lippstadt 1 - Bielefelder SK 1"]
[Site "NRW-Liga - Gruppe 2 2021/2022"]
[Date "2021.11.28"]
[Round "2.2"]
[White "Hecht, Carsten"]
[Black "Gruen, Gerd-Peter"]
[Result "1/2-1/2"]
[WhiteElo "2296"]
[BlackElo "2202"]
[PlyCount "51"]
[EventDate "2021.??.??"]
[SourceVersionDate "2020.03.16"]
[WhiteTeam "LSV Turm Lippstadt 1"]
[BlackTeam "Bielefelder SK 1"]

1. e4 e5 2. Nf3 Nc6 3. Bb5 Nf6 4. O-O Nxe4 5. Re1 Nd6 6. Nxe5 Nxe5 7. Rxe5+ Be7
8. Bf1 O-O 9. d4 Bf6 10. Re1 Nf5 11. d5 d6 12. Nc3 Bxc3 13. bxc3 Bd7 14. Rb1 b6
15. Qd3 Re8 16. Rxe8+ Qxe8 17. Bd2 Qd8 18. Re1 Ne7 19. c4 Ng6 20. Bc3 Qf8 21.
Qd4 Re8 22. Rxe8 Bxe8 23. f4 f6 24. Bd3 Qe7 25. Kf2 Nf8 26. Bf5 1/2-1/2